00442nam a22001577a 450000500170000001000130001702000260003003500130005603700220006908200080009110000240009924500530012326000350017627000510021130000220026220120618143129.0 aB-456301 a9780670058730c695.00 aB-456301 adplbK.K.Pub /ven a921 aDalmia , Yashodhara aAmrita Sher-Gil; A life /cby Yashodhara ,Dalmia aNew DelhibPenguin Booksc2006 a11 community centre Pancheel Park bNew delhi  axiii, 226p.c22cm